| 000 | 01127nam a2200337 i 4500 | ||
|---|---|---|---|
| 001 | 000039000 | ||
| 003 | DO-SdBNP | ||
| 005 | 20260219123543.0 | ||
| 007 | ta | ||
| 008 | 130510s2012 dr 001 e spa d | ||
| 020 | _a9789945489521 | ||
| 040 |
_aDO-SdBNP _bspa _cBNPHU _erda |
||
| 041 | _aspa | ||
| 049 | _aBNPD | ||
| 082 | 4 |
_aRD864.5 _bH565c _222 |
|
| 100 | 1 |
_aHerrera, Jochy, _d1958- _965251 _4aut. _eautor |
|
| 245 | 1 | 0 |
_aCuerpo : _b[accidente y geografía] / _cJochy Herrera ; prólogo José Mármol. |
| 260 |
_bSantuario, _c2012. |
||
| 264 |
_aSanto Domingo, República Dominicana : _bEditorial Santuario, _c2012. |
||
| 300 |
_a287 páginas ; _c24 cm. |
||
| 336 |
_atexto _btxt _2rdacontent |
||
| 337 |
_asin mediación _bn _2rdamedia |
||
| 338 |
_avolumen _bnc _2rdacarrier |
||
| 500 | _aIncluye datos biográficos del autor en la solapa de la cubierta | ||
| 590 | _aInventariado, 2026 /LP | ||
| 650 | 0 |
_aEnsayos dominicanos _965 |
|
| 650 | 0 |
_aLiteratura dominicana. _967 |
|
| 700 | 1 |
_aMármol, José, _d1960- _eprologuista _96454 _4PR. |
|
| 910 | _aValidado. Control de calidad EMS | ||
| 942 |
_2ddc _cLBS1 |
||
| 999 |
_c38490 _d38490 |
||